书目信息 |
| 题名: |
健康丝路
|
|
| 作者: | 欧阳静 主编 | |
| 分册: | ||
| 出版信息: | 北京 经济管理出版社 2020.10 |
|
| 页数: | 237页 | |
| 开本: | 24cm | |
| 丛书名: | ||
| 单 册: | ||
| 中图分类: | R199.2 | |
| 科图分类: | ||
| 主题词: | 医疗保健事业--产业发展--研究--中国 | |
| 电子资源: | ||
| ISBN: | 978-7-5096-6446-9 | |
| 000 | 01127nam0 2200253 45 | |
| 001 | 012001002161 | |
| 005 | 20140913132710.0 | |
| 010 | @a978-7-5096-6446-9@dCNY78.00 | |
| 100 | @a20210316d2020 em y0chiy50 ea | |
| 101 | 0 | @achi |
| 102 | @aCN@b110000 | |
| 105 | @ay z 000yy | |
| 106 | @ar | |
| 200 | 1 | @a健康丝路@Ajian kang si lu@b专著@e实现健康中国的有效途径@dHealth silk road@eeffective approaches to a healthy China@f欧阳静主编@zeng |
| 210 | @a北京@c经济管理出版社@d2020.10 | |
| 215 | @a237页@d24cm | |
| 300 | @a并列题名:Health silk road | |
| 330 | @a本书对“一带一路”倡议下的“健康丝绸之路”理念和历史沿革做了深入的理论研究和实践梳理,它将“健康丝路”置于广阔的社会、经济、文化和自然环境中来思考,并仔细地梳理了整个健康丝路的现实需求和面临的机遇及挑战。深入而全面地论述了大数据背景下的健康丝路发展成果,并对实现健康丝路的有效途径进行了详细阐述。 | |
| 510 | 1 | @aHealth silk road@eeffective approaches to a healthy China@zeng |
| 606 | 0 | @a医疗保健事业@x产业发展@x研究@y中国 |
| 690 | @aR199.2@v5 | |
| 701 | 0 | @a欧阳静@Aou yang jing@4主编 |
| 801 | 0 | @aCN@bBJSDL@c20211011 |
| 905 | @b1338670-3@dR199.2@e292@f4 | |
| 健康丝路:实现健康中国的有效途径=Health silk road:effective approaches to a healthy China/欧阳静主编.-北京:经济管理出版社,2020.10 |
| 237页;24cm |
| 并列题名:Health silk road |
| ISBN 978-7-5096-6446-9:CNY78.00 |
| 本书对“一带一路”倡议下的“健康丝绸之路”理念和历史沿革做了深入的理论研究和实践梳理,它将“健康丝路”置于广阔的社会、经济、文化和自然环境中来思考,并仔细地梳理了整个健康丝路的现实需求和面临的机遇及挑战。深入而全面地论述了大数据背景下的健康丝路发展成果,并对实现健康丝路的有效途径进行了详细阐述。 |
| ● |
| 相关链接 |
|
|
|
|
正题名:健康丝路
索取号:R199.2/292
 
预约/预借
| 序号 | 登录号 | 条形码 | 馆藏地/架位号 | 状态 | 备注 |
| 1 | 1338670 | 213386708 | 第二样本阅览室/ [索取号:R199.2/292] | 在馆 | |
| 2 | 1338671 | 213386717 | 第三借阅区/ [索取号:R199.2/292] | 在馆 | |
| 3 | 1338672 | 213386726 | 第三借阅区/ [索取号:R199.2/292] | 在馆 | |
| 4 | 1338673 | 213386735 | 第三借阅区/ [索取号:R199.2/292] | 在馆 |